La ciencia de la educación / (Record no. 7724)

MARC details
000 -CABECERA
campo de control de longitud fija 00554nam a2200181 a 4500
005 - FECHA Y HORA DE LA ÚLTIMA TRANSACCIÓN
campo de control 20250116063827.0
008 - ELEMENTOS DE LONGITUD FIJA--INFORMACIÓN GENERAL
campo de control de longitud fija 991125s1940 mx 000 0 spa u
035 ## - NÚMERO DE CONTROL DEL SISTEMA
Número de control de sistema UPN01000007724
049 ## - COLECCIÓN
Colección CG
050 #4 - SIGNATURA TOPOGRÁFICA DE LA BIBLIOTECA DEL CONGRESO
Número de clasificación LB1025
Número de documento/Ítem H4.2
100 1# - ASIENTO PRINCIPAL--NOMBRE PERSONAL
Nombre de persona Hernández Ruiz, Santiago,
Fechas asociadas al nombre 1901-1988
9 (RLIN) 28897
245 13 - MENCIÓN DE TÍTULO
Título La ciencia de la educación /
Mención de responsabilidad, etc. Santiago Hernández Ruiz, Domingo Tirado Benedi.
260 ## - PUBLICACIÓN, DISTRIBUCIÓN, ETC.
Lugar de publicación, distribución, etc. México :
Nombre del editor, distribuidor, etc. Atlante,
Fecha de publicación, distribución, etc. 1940.
300 ## - DESCRIPCIÓN FÍSICA
Extensión v.
650 #4 - ASIENTO SECUNDARIO DE MATERIA - TERMINO TEMATICO
Término de materia o nombre geográfico como elemento de entrada Educación
9 (RLIN) 682
700 1# - ASIENTO SECUNDARIO--NOMBRE DE PERSONAL
Nombre de persona Tirado Benedí, Domingo,
Fechas asociadas al nombre 1898-1971
Término indicativo de función/relación coaut.
9 (RLIN) 29434
905 ## - TIPO DE MATERIAL
Tipo de material Libro
Holdings
Estado de retiro Estado de pérdida Fuente del sistema de clasificación o colocación Estado dañado No para préstamo Código de colección Localización permanente Ubicación/localización actual Ubicación en estantería Total de préstamos Clasificación Código de barras Fecha visto por última vez Número de copia Tipo de ítem Koha
    Library of Congress Classification     Colección General Bib. Gregorio Torres Quintero Bib. Gregorio Torres Quintero Planta baja 9 LB1025 H4.2 14750 31/12/2020 1 Libro